Los movimientos de corto plazo en el mercado de trabajo urbano y la coyuntura de 1975-78 en la Argentina (Registro nro. 16331)

Detalles MARC
000 -LEADER
fixed length control field 00396 a2200109 4500
001 - CONTROL NUMBER
control field ART_3329
005 - DATE AND TIME OF LATEST TRANSACTION
control field 20260410161714.0
008 - FIXED-LENGTH DATA ELEMENTS--GENERAL INFORMATION
fixed length control field 260409a
100 1# - MAIN ENTRY--PERSONAL NAME
Personal name Beccaria, Luis A.
245 10 - TITLE STATEMENT
Title Los movimientos de corto plazo en el mercado de trabajo urbano y la coyuntura de 1975-78 en la Argentina
773 0# - HOST ITEM ENTRY
Title Desarrollo económico
Related parts - Vol. 20, Nº 78 (jul./sep. 1980)
Record control number REV1174

No hay ítems disponibles.